One dimensional man

Contents: One-dimensional society, One-dimensional thought, the chance of the alternatives.

Spremljeno u:
Bibliografski detalji
Glavni autor: Marcuse, Herbert
Format: Knjiga
Jezik:Undetermined
Izdano: London Sphere Books 1964
Teme:
Oznake: Dodaj oznaku
Bez oznaka, Budi prvi tko označuje ovaj zapis!
Thư viện lưu trữ: Trung tâm Học liệu Trường Đại học Cần Thơ
LEADER 00652nam a2200205Ia 4500
001 CTU_88362
008 210402s9999 xx 000 0 und d
082 |a 301.243 
082 |b M322 
100 |a Marcuse, Herbert 
245 0 |a One dimensional man 
245 0 |c Herbert Marcuse 
260 |a London 
260 |b Sphere Books 
260 |c 1964 
520 |a Contents: One-dimensional society, One-dimensional thought, the chance of the alternatives. 
650 |a Civilization, Modern,Văn minh, hiện đại 
650 |y 20th century,Thế kỷ 20 
904 |i Nguyên,Hải 
980 |a Trung tâm Học liệu Trường Đại học Cần Thơ